Sports Quiz

Random Sports Quiz

AFL GOALKICKERS 2010 SEASON Quiz Stats

 Plays Quiz not verified by Sporcle

Score 0/164 Timer 15:00
0 Plays Today
GOALS PLAYER % Correct
80Barry HALL
98.8%
64Lance FRANKLIN
98.6%
78Jack RIEWOLDT
97.5%
39Nick RIEWOLDT
97.3%
61Matthew PAVLICH
96.9%
53Jonathan BROWN
96.7%
63Steve JOHNSON
95.3%
21Leigh BROWN
95.3%
63Mark LE CRAS
94.4%
53Jarryd ROUGHEAD
94.4%
57Stephen MILNE
94%
17Michael JOHNSON
93.2%
44Gary ABLETT Jr
92.2%
48Brendan FEVOLA
89.9%
42Eddie BETTS
88.5%
55Brad GREEN
87.2%
38Travis CLOKE
87%
44Adam GOODES
85.6%
46Kurt TIPPETT
84.7%
36Cameron MOONEY
84.3%
49James PODSIADLY
83.3%
41Alan DIDAK
82.7%
41Josh KENNEDY
82.7%
10Josh KENNEDY
82.7%
24Dane SWAN
79.2%
14Chris JUDD
78.8%
39Jeff GARLETT
77.9%
23Paul CHAPMAN
75.5%
19Marc MURPHY
73.8%
35Taylor WALKER
72.4%
14Jimmy BARTEL
70.5%
21Tom HAWKINS
69.9%
29Lindsay THOMAS
68%
18Dale THOMAS
68%
30Chris DAWES
65.4%
25Brent HARVEY
65.4%
17Scott PENDLEBURY
64.1%
27Leon DAVIS
63.9%
36Jarrad WAITE
63.5%
27Cyril RIOLI
63.1%
28Daniel BRADSHAW
62.5%
28Matthew STOKES
61.9%
10Jobe WATSON
61.2%
19Stephen HILL
60.4%
21Josh HILL
60.2%
39Adam SCHNEIDER
59.8%
33Hayden BALLANTYNE
59.6%
15Luke HODGE
59%
31Travis VARCOE
58.8%
13Aaron SANDILANDS
57.3%
19Chris YARRAN
57.1%
30Justin KOSCHITZKE
56.7%
35Daniel GIANSIRACUSA
54.6%
25Lachie HENDERSON
54.6%
13Ricky HENDERSON
54.4%
GOALS PLAYER % Correct
10Dean COX
54.2%
24Brendon GODDARD
53.8%
21Kieran JACK
53.2%
18Leigh MONTAGNA
51.3%
22Alwyn DAVEY
50.3%
21Liam JURRAH
49.9%
16Nick DAL SANTO
49.9%
35Shannon BYRNES
49.3%
30Brett ****
49.1%
22Jesse WHITE
48.5%
11Matt WHITE
47.2%
25Aaron EDWARDS
47%
24Steele SIDEBOTTOM
45.4%
21Patrick RYDER
45.2%
33Jay SCHULZ
44.9%
24Darren JOLLY
44.7%
17Ryan O'KEEFE
44.7%
26Dayne BEAMS
44.5%
24Angus MONFRIES
43.7%
10Warren TREDREA
43.5%
12Scott THOMPSON
42.9%
16David HILLE
42.7%
22Jason PORPLYZIA
42.1%
26Patrick DANGERFIELD
41.9%
12Michael HURLEY
41.4%
10Daniel MOTLOP
40.2%
17Justin WESTHOFF
40%
26Setanta O'hAILPIN
39.6%
15Michael BARLOW
39.4%
10Jack WATTS
38.8%
17Kade SIMPSON
38.6%
29Jarrad GRANT
38.4%
16Andrew SWALLOW
37.7%
13Brent STANTON
37.3%
23Ryan GRIFFEN
36.7%
12David MUNDY
36.7%
13Travis BOAK
36.1%
19Scott GUMBLETON
35.7%
23Lachie HANSEN
35.5%
17David HALE
35.5%
14Nat FYFE
35.3%
16Chris MAYNE
35.1%
15Jude BOLTON
35.1%
17Shaun HIGGINS
34.6%
15Jordan LEWIS
33.8%
11Dustin MARTIN
33.6%
18Robbie GRAY
33.4%
16Jarrad McVEIGH
33.2%
21Ben McGLYNN
32.2%
12Jake KING
32.2%
14Hamish McINTOSH
31.3%
27Todd BANFIELD
30.9%
12Rhyce SHAW
30.5%
12Brett KIRK
30.1%
19Matthew BATE
29.9%
GOALS PLAYER % Correct
15Mitch HAHN
29.7%
12Paul MEDHURST
29.7%
15Daniel WELLS
29.5%
12Mitch MORTON
29.5%
19David ZAHARAKIS
29.3%
13Robin NAHAS
29.1%
12Mark JAMAR
28.9%
10Todd GOLDSTEIN
27.4%
14Kepler BRADLEY
26.8%
16Colin SYLVIA
26%
10David RODAN
25.6%
11Jay NEAGLE
25.2%
13Anthony MORABITO
24.9%
15Andrew COLLINS
24.7%
18Trent DENNIS-LANE
24.5%
26Linden DUNN
24.1%
11Andrew EMBLEY
24.1%
10Brad MILLER
23.1%
10Michael GARDINER
22.9%
10Jack STEVEN
22.9%
10Brian LAKE
22.7%
17Richard DOUGLAS
22.5%
22Paul HASELBY
21.2%
21Ben WARREN
21.2%
12Danyle PEARCE
21.2%
10Heath SCOTLAND
20.6%
23Sam WRIGHT
20.4%
14Mitch ROBINSON
20.2%
14Nathan EAGLETON
20.2%
12Justin SHERMAN
20.2%
14Ben NASON
19.8%
15Sharrod WELLINGHAM
19.6%
15Clinton YOUNG
19.4%
16Ben McKINLEY
18.8%
20Cameron HITCHCOCK
18.6%
17Michael OSBORNE
18.4%
13Kyle REIMERS
18.1%
13Carl PETERSON
17.7%
12Ricky PETTERD
17.3%
10Brent STAKER
16.7%
11Leigh ADAMS
16.5%
10Sam LONERGAN
16.1%
16Brent MACAFFER
15.7%
10Brett PEAKE
15.5%
10Brennan STACK
15.3%
18Jason DAVENPORT
15.1%
15Ryan CROWLEY
15.1%
15Ryan HOULIHAN
14.4%
10Xavier ELLIS
14%
10Ashton HAMS
13.4%
13Jamie BENNELL
13.2%
11Andrew STRIJK
12.2%
12Daniel STEWART
11.8%
10Jarred MOORE
10.7%

You're not logged in!

Compare scores with friends on all Sporcle quizzes.
OR
Log In

Show Comments

Extras

Created Oct 21, 2010SourceReportNominate
Tags:AFL, AFL 2010

Top Quizzes Today


Score Distribution

Your Account Isn't Verified!

In order to create a playlist on Sporcle, you need to verify the email address you used during registration. Go to your Sporcle Settings to finish the process.

Report this User

Report this user for behavior that violates our Community Guidelines.

Details: